000 00275nam a2200109Ia 4500
005 20251222114408.0
008 251222s1900||||xx |||||||||||||| ||spa||
082 _aDVD0099/L99/2002
245 0 _aPirĂ¡mides perdidas de Caral.
264 _bBarret, Matthew. BBC.
942 _cDVD
999 _c1927
_d1927